Goodnight moon ABC : (Record no. 9077)

MARC details
000 -LEADER
fixed length control field 01476cam a2200361 a 4500
001 - CONTROL NUMBER
control field 9077
003 - CONTROL NUMBER IDENTIFIER
control field FISKH
005 - DATE AND TIME OF LATEST TRANSACTION
control field 20251119081920.0
008 - FIXED-LENGTH DATA ELEMENTS--GENERAL INFORMATION
fixed length control field 090617s2010 nyua j 000 0 eng
010 ## - LIBRARY OF CONGRESS CONTROL NUMBER
LC control number 2009023976
020 ## - INTERNATIONAL STANDARD BOOK NUMBER
International Standard Book Number 9780061894848
Qualifying information trade bdg.
020 ## - INTERNATIONAL STANDARD BOOK NUMBER
International Standard Book Number 9780061894909
Qualifying information board book
020 ## - INTERNATIONAL STANDARD BOOK NUMBER
International Standard Book Number 9780545402378
035 ## - SYSTEM CONTROL NUMBER
System control number 15778958
040 ## - CATALOGING SOURCE
Original cataloging agency DLC
Transcribing agency DLC
Modifying agency DLC
Language of cataloging eng
050 ## - LIBRARY OF CONGRESS CALL NUMBER
Classification number PE1155
082 ## - DEWEY DECIMAL CLASSIFICATION NUMBER
Classification number 421.1
100 1# - MAIN ENTRY--PERSONAL NAME
Personal name Brown, Margaret Wise,
Dates associated with a name 1910-1952.
245 10 - TITLE STATEMENT
Title Goodnight moon ABC :
Remainder of title an alphabet book /
Statement of responsibility, etc. based on the book by Margaret Wise Brown ; pictures by Clement Hurd.
260 ## - PUBLICATION, DISTRIBUTION, ETC.
Place of publication, distribution, etc. New York :
Name of publisher, distributor, etc. HarperCollins Publishers,
Date of publication, distribution, etc. 2010.
300 ## - PHYSICAL DESCRIPTION
Extent 28 unnumbered pages :
Other physical details color illustrations ;
Dimensions 22 x 26 cm
505 ## - FORMATTED CONTENTS NOTE
Formatted contents note C<br/>
520 ## - SUMMARY, ETC.
Summary, etc. This comforting alphabet book links words and phrases with familiar images from everyone's favorite bedtime book, Goodnight Moon. From kittens to stars to yarn, there are so many things that can be found in the great green room. Search for them all as you learn your ABCs.
521 8# - TARGET AUDIENCE NOTE
Target audience note 120<br/>
Source Lexile <br/>
521 8# - TARGET AUDIENCE NOTE
Target audience note C<br/>
Source Raz-Plus<br/>
650 #0 - SUBJECT ADDED ENTRY--TOPICAL TERM
Topical term or geographic name entry element English language
General subdivision Alphabet
Form subdivision Juvenile literature.
650 #0 - SUBJECT ADDED ENTRY--TOPICAL TERM
Topical term or geographic name entry element Alphabet books
Form subdivision Juvenile literature.
655 #7 - INDEX TERM--GENRE/FORM
Genre/form data or focus term Literature.
Source of term lcgft
Authority record control number or standard number https://id.loc.gov/authorities/genreForms/gf2014026415
700 1# - ADDED ENTRY--PERSONAL NAME
Personal name Hurd, Clement,
Dates associated with a name 1908-1988,
Relator term illustrator
906 ## - LOCAL DATA ELEMENT F, LDF (RLIN)
a 7
b cbc
c orignew
d 1
e ecip
f 20
g y-gencatlg
942 ## - ADDED ENTRY ELEMENTS (KOHA)
Source of classification or shelving scheme Dewey Decimal Classification
Koha item type Books
Suppress in OPAC No
Holdings
Withdrawn status Lost status Source of classification or shelving scheme Damaged status Not for loan Collection Home library Current library Shelving location Date acquired Total Checkouts Full call number Barcode Date last seen Copy number Price effective from Koha item type
    Dewey Decimal Classification     Juvenile Fiction Footprints International School Library Network Toul Tom Poung Campus Footprints International School Library Network Toul Tom Poung Campus TTP Primary Green Bookshelves 11/19/2025   BRO 421.1 PE1155 FISBK00985 11/19/2025 1 11/19/2025 Books